书目信息 |
| 题名: |
解读日本学日语
|
|
| 作者: | 南海 , 张忠锋 , 陈曦 编著 | |
| 分册: | ||
| 出版信息: | 大连 大连理工大学出版社 2006.01 |
|
| 页数: | 153页 | |
| 开本: | 21cm | |
| 丛书名: | ||
| 单 册: | ||
| 中图分类: | H369.9 | |
| 科图分类: | ||
| 主题词: | 日语--Ri Yu--口语 | |
| 电子资源: | ||
| ISBN: | 7-5611-3110-0 | |
| 000 | 00779nam0 2200253 450 | |
| 001 | CAL 012006030447 | |
| 005 | 20060602160846.39 | |
| 010 | @a7-5611-3110-0@dCNY 10.00 | |
| 099 | @aCAL 012006030447 | |
| 100 | @a20060324d2006 em y0chiy0121 ea | |
| 101 | 0 | @achi@ajpn |
| 102 | @aCN@b210200 | |
| 200 | 1 | @a解读日本学日语@AJie Du Ri Ben Xue Ri Yu@d= 日本ガ分カる日本語の学習@f南海, 张忠锋, 陈曦编著@zjpn |
| 210 | @a大连@c大连理工大学出版社@d2006.01 | |
| 215 | @a153页@c图@d21cm | |
| 510 | 1 | @a日本ガ分カる日本語の学習@zjpn |
| 606 | 0 | @a日语@ARi Yu@x口语 |
| 690 | @aH369.9@v4 | |
| 701 | 0 | @a南海@ANan Hai@4编著 |
| 701 | 0 | @a张忠锋@AZhang Zhong Feng@4编著 |
| 701 | 0 | @a陈曦@AChen Xi@4编著 |
| 801 | 0 | @aCN@bSEU@c20060602 |
| 905 | @dH369.9@eN083 | |
| 906 | @dCNY 10.00@n3@r1 | |
| 解读日本学日语= 日本ガ分カる日本語の学習/南海, 张忠锋, 陈曦编著.-大连:大连理工大学出版社,2006.01 |
| 153页:图;21cm |
| ISBN 7-5611-3110-0:CNY 10.00 |
| ● |
| 相关链接 |
|
|
|
正题名:解读日本学日语
索取号:H369.9/N083
 
预约/预借
| 序号 | 登录号 | 条形码 | 馆藏地/架位号 | 状态 | 备注 |
| 1 | 607036 | 206070366 | 语言库209/209语言库 134排1列5层/ [索取号:H369.9/N083] | 在馆 | |
| 2 | 607037 | 206070375 | 语言库209/209语言库 134排1列5层/ [索取号:H369.9/N083] | 在馆 | |
| 3 | 607038 | 206070384 | 语言库209/209语言库 134排1列5层/ [索取号:H369.9/N083] | 在馆 |